| 000 | 01371nam a2200385 a 4500 | ||
|---|---|---|---|
| 001 | 000108962 | ||
| 003 | CHAP | ||
| 005 | 20220817044610.0 | ||
| 008 | 140325s2013 it a |r| ||||||eng d | ||
| 010 | _a105424 | ||
| 011 | _a106396 | ||
| 020 | _a9789251074725 | ||
| 040 | _cCHAP | ||
| 082 | 0 | 4 |
_a636.08 _bF21y Doc. v.176 |
| 245 | 1 | 0 |
_aLessons from HPAI : _ba technical stocktaking of outputs, outcomes, best practices and lessons learned from the fight against highly pathogenic avian influenza in Asia 2005-2011 / _cpor FAO. |
| 260 |
_aRoma : _bFAO, _c2013. |
||
| 300 |
_aviii, 95 p. : _bil. |
||
| 490 | 1 |
_aFAO. Producción y sanidad animal. _pDocumento _v;176 |
|
| 590 |
_aBATCH-UPD _b05 _c20140325 _lUCH01 _h1327 |
||
| 590 |
_aE5995AHE _b05 _c20140325 _lUCH01 _h1129 |
||
| 590 |
_aE5995AHE _b05 _c20140325 _lUCH01 _h1131 |
||
| 590 |
_aE5995AHE _b05 _c20140325 _lUCH01 _h1146 |
||
| 590 |
_aE5995AHE _b05 _c20140325 _lUCH01 _h1325 |
||
| 590 |
_aE5995AHE _b05 _c20140325 _lUCH01 _h1326 |
||
| 650 | 4 |
_aAves _zAsia. _9126051 |
|
| 650 | 4 |
_aInfluenza virus. _9126054 |
|
| 650 | 4 |
_aMelaza en alimentación animal. _974315 |
|
| 650 | 4 |
_aPiensos. _988012 |
|
| 650 | 4 |
_aUrea en alimentación animal. _9116890 |
|
| 650 | 4 |
_aVirus de la influenza aviar. _9119943 |
|
| 830 | 0 |
_aFAO. Producción y sanidad animal. _pDocumento _v; 176 |
|
| 901 | _aBK | ||
| 942 | _cLIBRO | ||
| 942 | _n0 | ||
| 999 |
_c105424 _d105424 |
||